Light (Record no. 15810)

000 -LEADER
fixed length control field 00520nam a22002051 4500
001 - CONTROL NUMBER
control field 15810
003 - CONTROL NUMBER IDENTIFIER
control field BD-DhUET
008 - FIXED-LENGTH DATA ELEMENTS--GENERAL INFORMATION
fixed length control field 921020s1963 enk 000 0 eng d
040 ## - CATALOGING SOURCE
Original cataloging agency DLC
Transcribing agency DLC
Modifying agency BD-DhUET
082 ## - DEWEY DECIMAL CLASSIFICATION NUMBER
Classification number 535
Item number DIT/1963
100 1# - MAIN ENTRY--PERSONAL NAME
Personal name Ditchburn, R. W.
245 10 - TITLE STATEMENT
Title Light
250 ## - EDITION STATEMENT
Edition statement 2nd ed.
260 ## - PUBLICATION, DISTRIBUTION, ETC. (IMPRINT)
Place of publication, distribution, etc. London
Name of publisher, distributor, etc. Blackie & Son
Date of publication, distribution, etc. 1963
300 ## - PHYSICAL DESCRIPTION
Extent xii, 833 p.
Other physical details ill.
490 ## - SERIES STATEMENT
Series statement Titles in the E. L. B. S. Low-Priced textbook series
504 ## - BIBLIOGRAPHY, ETC. NOTE
Bibliography, etc Includes bibliographies
650 #0 - SUBJECT ADDED ENTRY--TOPICAL TERM
Topical term or geographic name as entry element Light
942 ## - ADDED ENTRY ELEMENTS (KOHA)
Koha item type General Book
Holdings
Koha date last seen Withdrawn status Date acquired Lost status Damaged status Sublocation or collection (holding branch) Price effective from Not for loan Koha full call number Shelving location Location (home branch) Copy number Koha normalized classification for sorting Piece designation (barcode) Source of classification or shelving scheme Koha item type
2015-03-15 2015-03-15  Central Library, BUET2015-03-15 535/DIT/1963Circulation sectionCentral Library, BUET1535_000000000000000_DIT_196313453 General Book
2015-03-19 2015-03-19  Central Library, BUET2015-03-19 535/DIT/1963Circulation sectionCentral Library, BUET2535_000000000000000_DIT_196313450 General Book
2015-03-19 2015-03-19  Central Library, BUET2015-03-19 535/DIT/1963Circulation sectionCentral Library, BUET3535_000000000000000_DIT_196320826 General Book
2015-03-21 2015-03-21  Central Library, BUET2015-03-21 535/DIT/1963Circulation sectionCentral Library, BUET4535_000000000000000_DIT_196316978 General Book
2015-03-21 2015-03-21  Central Library, BUET2015-03-21 535/DIT/1963Circulation sectionCentral Library, BUET5535_000000000000000_DIT_196313451 General Book
2015-03-21 2015-03-21  Central Library, BUET2015-03-21 535/DIT/1963Circulation sectionCentral Library, BUET6535_000000000000000_DIT_196320825 General Book
2015-03-21 2015-03-21  Central Library, BUET2015-03-21 535/DIT/1963Circulation sectionCentral Library, BUET7535_000000000000000_DIT_19635241 General Book
2015-03-21 2015-03-21  Central Library, BUET2015-03-21 535/DIT/1963Circulation sectionCentral Library, BUET8535_000000000000000_DIT_196313452 General Book